000 00681nmm a2200205Ia 4500
008 251105s9999||||xx |||||||||||||||||und||
020 _a9788498951486
041 _aspa
100 _aAlemany Bay, Carmen
245 0 _aMiguel Hernández, el desafío de la escritura. :
_b El proceso de creación de la poesía hernandiana
264 _a[Madrid, España] :
_bVisor Libros,
_c2013
300 _a290 páginas
490 _aBiblioteca Filológica Hispana
650 _aSpanish literature
700 _a Díez Borque, José María
700 1 _a Bustos Táuler, Álvaro
700 1 _a Di Pinto, Elena
856 _uhttps://public.digitaliapublishing.com/a/24218
942 _cCF
999 _c61592
_d61592